| 000 | 00476nam a2200181Ia 4500 | ||
|---|---|---|---|
| 003 | GCL | ||
| 008 | 140319s9999 xx 000 0 eng d | ||
| 040 |
_aGCL / _cGCL |
||
| 082 | 0 | 4 |
_a193 _bJ L |
| 100 | 1 | _aJOLLEY, NICHOLAS | |
| 245 | 1 | 0 |
_aTHE CAMBRIDGE COMPANION TO LEIBNIZ / _cJOLLEY, NICHOLAS |
| 260 |
_a[S.N] : _bCAMLRIDGE UNIVERSITY PRESS ، _c1995 |
||
| 300 | _a500 P | ||
| 650 | 0 | 4 | _aPHILOSOPHY |
| 650 | 0 | 4 | _aLEIBNIZ GOTTFRIED |
| 650 | 0 | 4 | _aWILHELM |
| 942 |
_2ddc _cBK |
||
| 999 |
_c23573 _d23573 |
||